Find the Cartoon Kids III Quiz Stats

 Plays Quiz Updated Mar 29, 2018

Challenge
Share
Tweet
Score 0/40 Timer 07:00
9 Plays Today
% Correct
Supergirl
92.6%
Pinocchio
91.7%
Pebbles
Flintstone
91.7%
Snow White
90.8%
Kim
Possible
90.1%
Judy
Jetson
88.2%
Butthead
87.9%
Alice
87%
Angelica
Pickles
84.8%
Bubbles
82.6%
Milhouse
Van Houten
81.9%
Richie
Rich
81.2%
Dennis
the Menace
80.8%
Chuckie
Finster
80.6%
Ron
Stoppable
80.3%
Edd
79.9%
Kenny
McCormick
78.6%
Sailor Moon
76.6%
Debbie
Thornberry
75.1%
Wendy
Darling
74.2%
% Correct
Peppermint
Patty
70.9%
Vicky
68.3%
Vanellope
von Schweetz
67.5%
Noddy
66.1%
T.J.
Detweiler
65.9%
Hayley
Smith
65.8%
Princess
Eilonwy
64.4%
Schroeder
64.1%
Gene
Belcher
63.1%
Lewis
Robinson
62.9%
Marcie
62%
Sherri or Terri
Mackleberry
59.2%
Butters
Stotch
58.8%
Irwin
51.9%
Amanda
Mandy
51.5%
Nina
50%
Bulma
48.4%
Bebe
Stevens
45.2%
Gerald
Samson
35.3%
Susan
'Mandark'
Astronomanov
30.3%

You're not logged in!

Compare scores with friends on all Sporcle quizzes.
OR
Log In

You Might Also Like...

Show Comments

Extras

Top Quizzes Today


Score Distribution

Your Account Isn't Verified!

In order to create a playlist on Sporcle, you need to verify the email address you used during registration. Go to your Sporcle Settings to finish the process.

Report this User

Report this user for behavior that violates our Community Guidelines.

Details: